[Event "Challenge"]
[Site "http://www.queenalice.com/game.php?id=1310437"]
[Date "2014.9.25"]
[Round "-"]
[White "Adrianovlg"]
[Black "morphy99"]
[Result "0-1"]
[WhiteElo "2314"]
[BlackElo "2213"]

1. e4 c5 2. Nf3 e6 3. Nc3 a6 4. d4 cxd4 5. Nxd4 Qc7 6. Be3 Nf6 7. Be2 Bb4 8. Bf3
Bxc3+ 9. bxc3 Qxc3+ 10. Kf1 O-O 11. g3 d6 12. Kg2 Nbd7 13. Re1 Qc7 14. h4 Ne5
15. a4 Nxf3 16. Qxf3 d5 17. exd5 Nxd5 18. Kg1 Bd7 19. h5 h6 20. a5 Rfd8 21. Bd2
Qc5 22. c3 Rac8 23. Rac1 Qxa5 0-1

[Event "Challenge"]
[Site "http://www.queenalice.com/game.php?id=1310528"]
[Date "2014.9.25"]
[Round "-"]
[White "chaingang"]
[Black "morphy99"]
[Result "0-1"]
[WhiteElo "2265"]
[BlackElo "2091"]

1. d4 Nf6 2. c4 e6 3. Nc3 Bb4 4. Qc2 O-O 5. a3 Bxc3+ 6. Qxc3 b6 7. Nf3 Bb7 8. e3
d5 9. b4 a5 10. Bb2 axb4 11. axb4 Ne4 12. Qc2 Nc6 13. Qb3 Rxa1+ 14. Bxa1 Qa8 15.
Bb2 Na5 16. bxa5 Qxa5+ 17. Kd1 Nxf2+ 0-1

[Event "AUTO-OPEN-3300"]
[Site "http://www.queenalice.com/game.php?id=1340664"]
[Date "2015.2.11"]
[Round "2"]
[White "Michihall"]
[Black "morphy99"]
[Result "0-1"]
[WhiteElo "1905"]
[BlackElo "2296"]

1. d4 Nf6 2. c4 e6 3. Nc3 Bb4 4. Nf3 b6 5. Qb3 c5 6. a3 Ba5 7. e3 Bb7 8. Be2 Ne4
9. O-O Bxc3 10. bxc3 Nc6 11. d5 Na5 12. Qc2 f5 13. Bd3 O-O 14. Bxe4 fxe4 15.
Qxe4 Qf6 16. Bb2 Qf5 17. Qxf5 exf5 18. Ne5 Rae8 19. Nxd7 Rf7 20. Nxc5 bxc5 21.
a4 Nxc4 22. Ba3 Nxa3 23. Rxa3 Bxd5 24. Rd1 Bc6 25. h3 Rf6 26. a5 Rg6 27. g3 Rh6
28. Kh2 Ree6 29. c4 Rxh3+ 0-1

[Event "AUTO-OPEN-3300"]
[Site "http://www.queenalice.com/game.php?id=1340665"]
[Date "2015.2.11"]
[Round "2"]
[White "morphy99"]
[Black "Michihall"]
[Result "1-0"]
[WhiteElo "2294"]
[BlackElo "1917"]

1. e4 e5 2. Nf3 Nc6 3. Bb5 Nge7 4. O-O g6 5. c3 Bg7 6. d4 exd4 7. cxd4 a6 8. Ba4
O-O 9. Nc3 b5 10. Bc2 Bb7 11. Re1 Nb4 12. Bb3 c6 13. a3 a5 14. axb4 axb4 15.
Rxa8 Qxa8 16. Na2 d5 17. e5 Nf5 18. Nxb4 Qa7 19. g4 Ne7 20. Bg5 f6 21. exf6 Bxf6
22. Bxf6 Rxf6 23. Rxe7 1-0

[Event "Challenge"]
[Site "http://www.queenalice.com/game.php?id=1396930"]
[Date "2015.12.2"]
[Round "-"]
[White "dnptrs"]
[Black "morphy99"]
[Result "0-1"]
[WhiteElo "2275"]
[BlackElo "2296"]

1. d4 Nf6 2. Nf3 e6 3. g3 d5 4. Bg2 Be7 5. b3 O-O 6. O-O c5 7. Bb2 Nc6 8. c3 b6
9. dxc5 Bxc5 10. Nd4 Bb7 11. Nxc6 Bxc6 12. Nd2 Qc7 13. c4 d4 14. Qc2 Bxg2 15.
Kxg2 Qc6+ 16. Kg1 e5 17. f3 d3+ 0-1

[Event "Let's Play Chess!"]
[Site "http://www.queenalice.com/game.php?id=1396934"]
[Date "2015.12.12"]
[Round "-"]
[White "morphy99"]
[Black "dnptrs"]
[Result "1-0"]
[WhiteElo "2360"]
[BlackElo "2245"]

1. e4 c5 2. Nf3 e6 3. d4 cxd4 4. Nxd4 Nf6 5. Nc3 d6 6. g4 a6 7. g5 Nfd7 8. Be3
e5 9. Nf5 Nb6 10. a4 g6 11. a5 1-0

[Event "Let's Play Chess!"]
[Site "http://www.queenalice.com/game.php?id=1396935"]
[Date "2015.12.8"]
[Round "-"]
[White "dnptrs"]
[Black "morphy99"]
[Result "0-1"]
[WhiteElo "2275"]
[BlackElo "2320"]

1. d4 d5 2. Nf3 Nf6 3. c4 c6 4. e3 e6 5. Nc3 Nbd7 6. Qc2 Bd6 7. a3 O-O 8. Rb1 e5
9. dxe5 Nxe5 10. Nxe5 Bxe5 11. Bd2 d4 12. exd4 Qxd4 13. Be3 Qh4 14. g3 Qg4 15.
Qd1 Bxc3+ 16. bxc3 Qe4 17. Rg1 Bg4 18. Qb3 Rfe8 19. Qxb7 Qf3 20. Qb2 Rxe3+ 0-1

[Event "Challenge"]
[Site "http://www.queenalice.com/game.php?id=1397124"]
[Date "2015.12.3"]
[Round "-"]
[White "morphy99"]
[Black "dnptrs"]
[Result "1-0"]
[WhiteElo "2341"]
[BlackElo "2275"]

1. g3 Nf6 2. c4 e6 3. d4 c5 4. d5 exd5 5. cxd5 d6 6. Nc3 a6 7. a4 Be7 8. Bg2 O-O
9. Nf3 Nbd7 10. Nd2 Ne5 11. O-O Bg4 12. f4 Ng6 13. f5 Ne5 14. h3 Bh5 15. g4 Bxg4
16. hxg4 Nfxg4 17. Nde4 h6 18. Bh3 Nf6 19. Bf4 Nxe4 20. Nxe4 Bg5 21. Bxg5 hxg5
22. f6 g4 23. Bg2 gxf6 24. Qd2 Kg7 25. Rxf6 Rh8 26. Qg5+ Ng6 27. Raf1 1-0

[Event "Let's Play Chess!"]
[Site "http://www.queenalice.com/game.php?id=1407441"]
[Date "2016.2.4"]
[Round "-"]
[White "morphy99"]
[Black "ClivetheBeard"]
[Result "1-0"]
[WhiteElo "2412"]
[BlackElo "2539"]

1. e4 e5 2. Nf3 d6 3. d4 exd4 4. Nxd4 g6 5. Nc3 Bg7 6. Be3 Nf6 7. Qd2 O-O 8.
O-O-O a6 9. f3 b5 10. h4 h5 11. Bh6 Re8 12. g4 Bd7 13. Bxg7 Kxg7 14. Nd5 Re5 15.
Nxf6 Qxf6 16. g5 Qd8 17. f4 Re8 18. f5 Kg8 19. fxg6 fxg6 20. Nxb5 Nc6 21. Nc3
Ne5 22. Nd5 Rf8 23. Bh3 Bc6 24. Nf6+ Rxf6 25. gxf6 Qxf6 26. Rdf1 Qe7 27. Rf4 a5
28. Rhf1 Kg7 29. a3 Rb8 30. Rf6 Bb5 31. R1f4 a4 32. Re6 Qd8 33. Qc3 Bc4 34. Rxe5
dxe5 35. Qxe5+ Kh6 36. Bf1 Bg8 37. Be2 Qe8 38. Qh8+ Bh7 39. Qf6 Rb6 40. Qc3 Re6
41. Qe3 Kg7 42. Bc4 Re7 43. Qd4+ 1-0

[Event "Let's Play Chess!"]
[Site "http://www.queenalice.com/game.php?id=1407442"]
[Date "2016.2.4"]
[Round "-"]
[White "ClivetheBeard"]
[Black "morphy99"]
[Result "0-1"]
[WhiteElo "2539"]
[BlackElo "2436"]

1. d4 Nf6 2. Nc3 d5 3. Bg5 Nbd7 4. Nf3 e6 5. e3 h6 6. Bf4 a6 7. Bd3 c5 8. O-O c4
9. Be2 b5 10. a3 Bb7 11. Ne5 Be7 12. Bf3 Nxe5 13. Bxe5 O-O 14. Re1 Nd7 15. Bf4
g5 16. Bg3 f5 17. h3 Nf6 18. Be5 Bd6 19. Bh5 Kh7 20. f4 Bc6 21. Rf1 Ra7 22. Bf3
Rg7 23. Qe1 Rfg8 24. Bxd6 Qxd6 25. fxg5 hxg5 26. Ne2 Rg6 27. Qg3 Qd8 28. Qe5 g4
29. Nf4 gxf3 30. Nxg6 Rxg6 31. Rxf3 Ne4 32. Kh2 Be8 0-1

[Event "Let's Play Chess!"]
[Site "http://www.queenalice.com/game.php?id=1407911"]
[Date "2016.2.10"]
[Round "-"]
[White "morphy99"]
[Black "EddieK"]
[Result "1-0"]
[WhiteElo "2394"]
[BlackElo "2369"]

1. e4 c5 2. Nf3 d6 3. d4 Nf6 4. Nc3 cxd4 5. Nxd4 Nc6 6. Bg5 Bd7 7. Qd2 a6 8.
O-O-O e6 9. f3 b5 10. Kb1 h6 11. Be3 Ne5 12. a3 Rb8 13. g4 Qc7 14. h4 Nc4 15.
Bxc4 bxc4 16. Ka1 1-0

[Event "Let's Play Chess!"]
[Site "http://www.queenalice.com/game.php?id=1407913"]
[Date "2016.2.10"]
[Round "-"]
[White "EddieK"]
[Black "morphy99"]
[Result "0-1"]
[WhiteElo "2369"]
[BlackElo "2375"]

1. Nf3 d5 2. c4 d4 3. e3 c5 4. b4 Nf6 5. a3 Nc6 6. b5 Na5 7. d3 g6 8. exd4 cxd4
9. Bb2 a6 10. Be2 axb5 11. cxb5 Bh6 12. O-O O-O 13. Bxd4 Be6 14. Nbd2 Bxd2 15.
Bxf6 Bh6 16. Bg5 Bg7 17. Rb1 Qd6 18. Rb4 Bc3 0-1

[Event "Let's Play Chess!"]
[Site "http://www.queenalice.com/game.php?id=1424281"]
[Date "2016.5.22"]
[Round "-"]
[White "morphy99"]
[Black "Robi"]
[Result "1-0"]
[WhiteElo "2458"]
[BlackElo "2605"]

1. e4 c5 2. Nf3 d6 3. d4 cxd4 4. Nxd4 Nf6 5. Nc3 a6 6. Be3 e5 7. Nb3 Be6 8. f3
Be7 9. Qd2 O-O 10. O-O-O Nbd7 11. g4 b5 12. g5 b4 13. Ne2 Ne8 14. f4 a5 15. f5
Bxb3 16. cxb3 1-0

[Event "Let's Play Chess!"]
[Site "http://www.queenalice.com/game.php?id=1443277"]
[Date "2016.10.3"]
[Round "-"]
[White "morphy99"]
[Black "ClivetheBeard"]
[Result "1-0"]
[WhiteElo "2502"]
[BlackElo "2547"]

1. g3 c6 2. Nf3 g6 3. d4 Bg7 4. Bg2 d6 5. O-O Nh6 6. c4 f5 7. Nc3 O-O 8. e4 Nf7
9. Re1 Na6 10. Be3 e5 11. exf5 Bxf5 12. h3 exd4 13. Bxd4 Bxd4 14. Nxd4 Ne5 15.
f4 Nd3 16. Re3 Ndc5 17. Qd2 Qd7 18. Rae1 1-0

[Event "AUTO-ELITE-1807"]
[Site "http://www.queenalice.com/game.php?id=1469692"]
[Date "2017.3.20"]
[Round "1"]
[White "morphy99"]
[Black "Rachman"]
[Result "1-0"]
[WhiteElo "2526"]
[BlackElo "2269"]

1. e4 e6 2. d4 d5 3. Nc3 Bb4 4. e5 c5 5. a3 Bxc3+ 6. bxc3 Qa5 7. Bd2 Qa4 8. Qg4
Kf8 9. Nf3 Nc6 10. Be2 Nge7 11. O-O b6 12. Rfb1 Ba6 13. Bxa6 Qxa6 14. dxc5 bxc5
15. a4 Ng6 16. Rb5 Ngxe5 17. Nxe5 Nxe5 18. Qg3 Nd7 19. Rab1 f6 20. Rb7 Rd8 21.
Rxd7 1-0

[Event "AUTO-ELITE-1807"]
[Site "http://www.queenalice.com/game.php?id=1469693"]
[Date "2017.3.20"]
[Round "1"]
[White "Rachman"]
[Black "morphy99"]
[Result "0-1"]
[WhiteElo "2211"]
[BlackElo "2533"]

1. c4 e5 2. g3 Nf6 3. Bg2 d5 4. cxd5 Nxd5 5. Nf3 Nc6 6. O-O Nb6 7. Nc3 Be7 8. a3
O-O 9. b4 Be6 10. Rb1 f6 11. d3 a5 12. b5 Nd4 13. Nd2 Qc8 14. e3 Nf5 15. Bb2 Rd8
16. Qc2 a4 17. Bc1 Nd6 18. f4 exf4 19. Rxf4 Nf7 20. Nf3 Bb3 21. Qe2 Nd5 22. Nxd5
Bxd5 23. Bb2 Qd7 24. Nd4 Bxg2 25. Qxg2 Bc5 26. Qxb7 Rab8 27. Qg2 Bxd4 28. Bxd4
Rxb5 29. Rxb5 Qxb5 30. Qf1 Ng5 31. Rf5 Qb3 32. Rc5 Qxa3 33. Rxc7 Ne6 34. Rc4 Qb3
35. Rc3 Qa2 36. Qg2 Qb1+ 37. Qf1 Qxf1+ 38. Kxf1 Nxd4 39. exd4 Ra8 0-1

[Event "AUTO-ELITE-1807"]
[Site "http://www.queenalice.com/game.php?id=1469694"]
[Date "2017.3.20"]
[Round "1"]
[White "morphy99"]
[Black "hepre"]
[Result "1-0"]
[WhiteElo "2531"]
[BlackElo "2249"]

1. e4 c5 2. Nf3 d6 3. d4 cxd4 4. Nxd4 Nf6 5. Nc3 a6 6. Be3 Ng4 7. Bc1 Nf6 8. f3
e6 9. Be3 b5 10. a3 Nbd7 11. g4 Nb6 12. Qd2 Bb7 13. O-O-O Rc8 14. Kb1 Nfd7 15.
Rg1 Ne5 16. b3 b4 17. axb4 d5 18. Na2 dxe4 19. f4 Ng6 20. b5 a5 21. f5 exf5 22.
Nxf5 Qxd2 23. Rxd2 Nd5 24. b6 Be7 25. Bb5+ Kf8 26. Ba6 Nxe3 27. Bxb7 Rb8 28.
Nxe7 Nxe7 29. Bxe4 a4 30. b7 axb3 31. cxb3 h5 32. g5 f5 33. gxf6 gxf6 34. Nb4
Kf7 35. Na6 Rbe8 36. Re1 Ng4 37. Bd5+ Nxd5 38. Rxe8 Rxe8 39. Rxd5 Ne5 40. b8=Q
Rxb8 41. Nxb8 Ke6 42. Rxe5+ fxe5 43. Kc2 e4 44. Kd2 Kd5 45. Ke3 h4 46. Nd7 h3
47. Nf6+ Kc5 48. Nxe4+ Kd5 49. Nf2 Kc5 50. Nxh3 1-0

[Event "AUTO-ELITE-1807"]
[Site "http://www.queenalice.com/game.php?id=1469695"]
[Date "2017.3.20"]
[Round "1"]
[White "hepre"]
[Black "morphy99"]
[Result "0-1"]
[WhiteElo "2253"]
[BlackElo "2529"]

1. e4 c5 2. Nf3 d6 3. Bb5+ Nd7 4. O-O a6 5. Be2 Ngf6 6. d3 e6 7. a4 b6 8. Nc3
Bb7 9. Nd2 Ne5 10. Nf3 Ng6 11. Bd2 Be7 12. Be3 O-O 13. a5 b5 14. h4 Qc7 15. g3
h6 16. Qc1 d5 17. exd5 exd5 18. d4 Bd6 19. Kg2 Rae8 20. Bd3 Qd7 21. Rh1 Nh5 22.
Be2 Bxg3 23. fxg3 Qg4 24. Ne5 Qxg3+ 25. Kf1 Rxe5 26. dxe5 d4 27. Rg1 Qh3+ 28.
Kf2 Qxh4+ 29. Kf1 Ng3+ 30. Ke1 Ne4+ 31. Kf1 Qh3+ 32. Ke1 dxc3 33. Ra3 Qh4+ 34.
Kf1 Nxe5 35. bxc3 Rd8 36. Rb3 Ng3+ 37. Ke1 Nxe2+ 38. Kxe2 Bf3+ 39. Kf1 Ng4 40.
Bxc5 Nh2# 0-1

[Event "AUTO-ELITE-1807"]
[Site "http://www.queenalice.com/game.php?id=1503169"]
[Date "2017.11.12"]
[Round "2"]
[White "morphy99"]
[Black "FabioDavid"]
[Result "1-0"]
[WhiteElo "2559"]
[BlackElo "2516"]

1. e4 e5 2. Nf3 Nc6 3. Bc4 Nf6 4. d3 Be7 5. O-O d6 6. c3 O-O 7. a4 Be6 8. Bxe6
fxe6 9. b4 a6 10. Qb3 Qd7 11. Nbd2 d5 12. Re1 h6 13. Nf1 Bd6 14. h3 Qf7 15. N1h2
Qg6 16. a5 Rab8 17. Ra2 Rbe8 18. Bd2 Rd8 19. c4 Kh7 20. b5 dxe4 21. dxe4 Nb8 22.
Bb4 Bxb4 23. Qxb4 Nbd7 24. Rd2 Ra8 25. bxa6 bxa6 26. c5 1-0

[Event "AUTO-ELITE-1807"]
[Site "http://www.queenalice.com/game.php?id=1503170"]
[Date "2017.11.12"]
[Round "2"]
[White "FabioDavid"]
[Black "morphy99"]
[Result "0-1"]
[WhiteElo "2523"]
[BlackElo "2552"]

1. b3 d5 2. Bb2 Nf6 3. e3 Bf5 4. Nf3 e6 5. Be2 h6 6. O-O Nbd7 7. c4 c6 8. Nc3
Bd6 9. d4 O-O 10. Bd3 Bxd3 11. Qxd3 Re8 12. Rfd1 Qe7 13. e4 dxc4 14. bxc4 e5 15.
d5 Bb4 16. Rac1 Nc5 17. Qe3 Rad8 18. Qe2 Bxc3 19. Rxc3 Nfxe4 20. Re3 f6 21. Rxe4
Nxe4 22. Qxe4 Qb4 0-1